000 00634nam a2200193Ia 4500
005 20250508165913.0
008 008 250505s9999 xx 000 0 eng d
037 _aTextual
040 _aFEDL
_beng
_cFEDL
041 _aeng
_2eng
084 _a155.4, KAK
_qFEDL
100 _aKakar Sudhir
245 0 _aAnalyst and the mystic: Psychoanalytic reflections on religion and mysticism
260 _aNew Delhi, India
_bPenguin Books
_c1991
300 _axi, 92p.
546 _aPhotocopy and gifted by H.O.D. Namita Ranganathan in memory of Prof. Arvind Gaysu
942 _cTEXL
_h155.4, KAK
999 _c1398097
_d1398097